Atkins' Physical Chemistry

With its modern emphasis on the molecular view of physical chemistry, its wealth of contemporary applications, vivid full-color presentation, and dynamic new media tools, the thoroughly revised new edition is again the most modern, most effective full-length textbook available for the physical chemi...

সম্পূর্ণ বিবরণ

সংরক্ষণ করুন:
গ্রন্থ-পঞ্জীর বিবরন
প্রধান লেখক: Atkins, Peter
বিন্যাস: গ্রন্থ
ভাষা:Undetermined
প্রকাশিত: New York Oxford University Press 2014
বিষয়গুলি:
ট্যাগগুলো: ট্যাগ যুক্ত করুন
কোনো ট্যাগ নেই, প্রথমজন হিসাবে ট্যাগ করুন!
Thư viện lưu trữ: Trung tâm Học liệu Trường Đại học Cần Thơ
LEADER 00899nam a2200205Ia 4500
001 CTU_187922
008 210402s9999 xx 000 0 und d
020 |c 1649000 
082 |a 541 
082 |b A873 
100 |a Atkins, Peter 
245 0 |a Atkins' Physical Chemistry 
245 0 |c Peter Atkins, Julio de Paula 
260 |a New York 
260 |b Oxford University Press 
260 |c 2014 
520 |a With its modern emphasis on the molecular view of physical chemistry, its wealth of contemporary applications, vivid full-color presentation, and dynamic new media tools, the thoroughly revised new edition is again the most modern, most effective full-length textbook available for the physical chemistry classroom. 
650 |a Chemistry, Physical and theoretical,Lý thuyết hóa lý 
910 |a Bé Thảo,Hải 
980 |a Trung tâm Học liệu Trường Đại học Cần Thơ